Грузовые операции на нефтяных танкерах (Запись № 1789642)

Подробности
000 -МАРКЕР
контрольное поле 01969nam0a2200349 4500
001 - ИДЕНТИФИКАТОР ЗАПИСИ
контрольное поле RU\NLR\bibl\1506721
005 - ИДЕНТИФИКАТОР ВЕРСИИ
контрольное поле 20260405214428.0
021 ## - НОМЕР ГОСУДАРСТВЕННОЙ РЕГИСТРАЦИИ
Код страны Российская Федерация
Номер 2010-19232
Номер Листа государственной регистраци 1298
035 ## - ДРУГИЕ СИСТЕМНЫЕ НОМЕРА
Идентификатор записи (nilc)RSL-KNO-004596147
035 ## - ДРУГИЕ СИСТЕМНЫЕ НОМЕРА
Идентификатор записи (NLR Aleph) 001498140
100 ## - ДАННЫЕ ОБЩЕЙ ОБРАБОТКИ
Данные общей обработки 20100323d2010 |||y0rusy50 ca
101 0# - ЯЗЫК РЕСУРСА
Язык текста, звукозаписи и т.д. русский
102 ## - СТРАНА ПУБЛИКАЦИИ ИЛИ ПРОИЗВОДСТВА
Страна публикации Российская Федерация
105 ## - ПОЛЕ КОДИРОВАННЫХ ДАННЫХ: ТЕКСТОВЫЕ МАТЕРИАЛЫ, МОНОГРАФИЧЕСКИЕ
Кодированные данные о монографическом текстовом документе a zzzz|||||
200 1# - ЗАГЛАВИЕ И СВЕДЕНИЯ ОБ ОТВЕТСТВЕННОСТИ
Основное заглавие Грузовые операции на нефтяных танкерах
Сведения, относящиеся к заглавию учебное пособие
Первые сведения об ответственности С. В. Маценко, А.И. Кондратьев, Г.Г. Волков, В.Е. Борисов
Последующие сведения об ответственности ФГОУ ВПО "Морская гос. акад. им. адмирала Ф. Ф. Ушакова"
210 ## - ПУБЛИКАЦИЯ, РАСПРОСТРАНЕНИЕ И ДР.
Место издания, распространения и т.д. Новороссийск
Имя издателя, распространителя и т. д. МГА
Дата издания, распространения и т.д. 2010
215 ## - ФИЗИЧЕСКАЯ ХАРАКТЕРИСТИКА
Специфическое обозначение материала и объем 189 с.
Другие сведения о физической характеристике ил., табл.
Размеры 30
320 ## - ПРИМЕЧАНИЯ О НАЛИЧИИ В ДОКУМЕНТЕ БИБЛИОГРАФИИ / УКАЗАТЕЛЯ
Текст примечания Библиогр.: с. 188-189 (23 назв.)
606 1# - НАИМЕНОВАНИЕ ТЕМЫ КАК ПРЕДМЕТ
Наименование темы Нефтеналивные суда
Формальный подзаголовок Учебные издания
Тематический подзаголовок Налив и выкачивание
Системный номер авторитетной/нормативной записи 1729964
Идентификатор авторитетной/нормативной записи RU\NLR\auth\66773025
610 0# - НЕКОНТРОЛИРУЕМЫЕ ПРЕДМЕТНЫЕ ТЕРМИНЫ
Предметный термин Транспорт -- Водный транспорт -- Суда -- Транспортные суда -- Грузовые суда -- Наливные суда -- Танкеры -- Техническая эксплуатация -- Учебник для высшей школы
686 ## - ИНДЕКСЫ ДРУГИХ КЛАССИФИКАЦИЙ
Индекс О425.144.1-082я73-1
Код системы
686 ## - ИНДЕКСЫ ДРУГИХ КЛАССИФИКАЦИЙ
Индекс О484.893.04я7-1
701 #1 - ИМЯ ЛИЦА - АЛЬТЕРНАТИВНАЯ ОТВЕТСТВЕННОСТЬ
Начальный элемент ввода Маценко
Часть имени, кроме начального элемента ввода С. В.
Расширение инициалов личного имени Сергей Валентинович
Код отношения Автор
701 #1 - ИМЯ ЛИЦА - АЛЬТЕРНАТИВНАЯ ОТВЕТСТВЕННОСТЬ
Код отношения Автор
Материалы, к которым относится поле rus
Графика поля Кириллица
Начальный элемент ввода Кондратьев
Часть имени, кроме начального элемента ввода А. И.
Дополнения к именам, кроме дат канд. техн. наук
Расширение инициалов личного имени Алексей Иванович
Идентификатор авторитетной/нормативной записи RU\NLR\auth\7797374
Системный номер авторитетной/нормативной записи 80300
701 #1 - ИМЯ ЛИЦА - АЛЬТЕРНАТИВНАЯ ОТВЕТСТВЕННОСТЬ
Код отношения Автор
Материалы, к которым относится поле rus
Графика поля Кириллица
Начальный элемент ввода Волков
Часть имени, кроме начального элемента ввода Г. Г.
Дополнения к именам, кроме дат эколог
Идентификатор авторитетной/нормативной записи RU\NLR\AUTH\7796763
Системный номер авторитетной/нормативной записи 79689
701 #1 - ИМЯ ЛИЦА - АЛЬТЕРНАТИВНАЯ ОТВЕТСТВЕННОСТЬ
Начальный элемент ввода Борисов
Часть имени, кроме начального элемента ввода В. Е.
Дополнения к именам, кроме дат специалист по морским грузоперевозкам
Код отношения Автор
801 #0 - ИСТОЧНИК ЗАПИСИ
Страна Российская Федерация
Организация РГБ
Дата составления 20100323
Правила каталогизации rcr
801 #1 - ИСТОЧНИК ЗАПИСИ
Страна Российская Федерация
Организация РГБ
Дата составления 20100323
801 #2 - ИСТОЧНИК ЗАПИСИ
Страна Российская Федерация
Организация NLR
Дата составления 20100430
Правила каталогизации rcr
942 ## - ДОПОЛНИТЕЛЬНЫЕ ЭЛЕМЕНТЫ ЗАПИСИ (АБИС)
Тип экземпляра АБИС Книга
980 ## - КОЛЛЕКЦИЯ
Название коллекции Национальная библиография
Экземпляры
Тип экземпляра Дата поступления Источник поступления Библиотека постоянного хранения Библиотека текущего хранения Место хранения Шифр хранения Штрих-код Статус экземпляра
Книга 30.04.2010 Обязательный экземпляр РНБ (Московский) РНБ (Московский) Русский книжный фонд: издания с 1957 года 2010-8/1402 3163690